000 00734nam a2200193Ii 4500
003 JO-AjNU
008 230605s9999||||xx |||||||||||||| ||und||
040 _aJO-AjNU
_bara
_erda
_cJO-AjNU
041 _aara
050 1 4 _aPJ7553.M6575 1985
100 3 _aمومني،قاسم,
_eauthor
_919644
245 0 0 _aالموازنة بين أبي تمام والبحتري للآمدي تحليل ودراسة
264 3 1 _aبغداد:دار الشؤون الثقافية العامة،1985
300 _a256ص
336 _atext
_btxt
_2rdacontent
337 _aunmediated
_bn
_2rdamedia
338 _avolume
_bnc
_2rdacarrier
650 4 _aاللغة العربية-بلاغة-العصر العباسي-البحتري-أبي تمام
_919645
999 _aA6518
_c10086
_d10086